Estate management (Record no. 114212)
[ view plain ]
| 000 -LEADER | |
|---|---|
| fixed length control field | 00536cam a22001935a 4500 |
| 001 - CONTROL NUMBER | |
| control field | L156365 |
| 008 - FIXED-LENGTH DATA ELEMENTS--GENERAL INFORMATION | |
| fixed length control field | 120515s1869 xxk f 000 0 eng d |
| 035 ## - SYSTEM CONTROL NUMBER | |
| System control number | (Sirsi) u156365 |
| 041 0# - LANGUAGE CODE | |
| Language code of text/sound track or separate title | eng |
| 100 1# - MAIN ENTRY--PERSONAL NAME | |
| Personal name | Macdonald, Duncan George Forbes |
| 245 00 - TITLE STATEMENT | |
| Title | Estate management |
| 250 ## - EDITION STATEMENT | |
| Edition statement | 10th ed. |
| 260 ## - PUBLICATION, DISTRIBUTION, ETC. | |
| Place of publication, distribution, etc. | London |
| Name of publisher, distributor, etc. | Ward, Lock & Tyler |
| Date of publication, distribution, etc. | 1869 |
| 300 ## - PHYSICAL DESCRIPTION | |
| Extent | xx, 726, cclxvii p. |
| Other physical details | port. |
| Dimensions | 22 cm. |
| 583 ## - ACTION NOTE | |
| Action | Condition reviewed |
| Time/date of action | 20120620 |
| Status | condition level 2 |
| 651 #4 - SUBJECT ADDED ENTRY--GEOGRAPHIC NAME | |
| Geographic name | Great Britain |
| Chronological subdivision | 1707- |
| 690 ## - LOCAL SUBJECT ADDED ENTRY--TOPICAL TERM (OCLC, RLIN) | |
| Topical term or geographic name as entry element | Rural |
| 9 (RLIN) | 6268 |
| 942 ## - ADDED ENTRY ELEMENTS (KOHA) | |
| Suppress in OPAC | 0 |
| Withdrawn status | Lost status | Damaged status | Not for loan | Home library | Current library | Shelving location | Date acquired | Total Checkouts | Full call number | Barcode | Date last seen | Copy number | Price effective from | Koha item type |
|---|---|---|---|---|---|---|---|---|---|---|---|---|---|---|
| Historic collection | Historic collection | Historic collection | 15/05/2012 | LANDOWNING & ESTATE MANAGEMENT OCTAVO 1869 MACDONALD | 30077870 | 26/08/2025 | 1 | 06/08/2019 | Book |